Egypťanky portréty žien faraónskeho Egypta
Žena vo faraónskom Egypte mala rovnoprávne postavenie s mužom v duchovnej i materiálnej sfére. Egypťanka mala slobodu vo všetkom: pri vydaji, pri rozvode, v manželstve, v sociálnom zabezpečení, v dedičstve i poručníctve. Faraónska civilizácia zaručovala egyptskej žene v porovnaní s inými civilizácia...
| Main Author: | |
|---|---|
| Other Authors: | |
| Format: | CD Audio |
| Language: | Slovak French |
| PhysicalDescription: | 1 elektronický optický disk (CD-ROM) digitálny, mono, MP3 12 cm |
| Published: |
Levoča
Slovenská knižnica pre nevidiacich Mateja Hrebendu
2022
|
| ISBN: | 9788018107621 |
| Subjects: |
MARC
| LEADER | 00000nim a2200000 a 4500 | ||
|---|---|---|---|
| 001 | vtls012150901 | ||
| 003 | SK-MaSNL | ||
| 005 | 20260301151558.0 | ||
| 007 | sd fsngnnmmnud | ||
| 008 | 221005s2022 xo nnnnfs f n slo | ||
| 015 | |a SNBJ2024 | ||
| 020 | |a 9788018107621 |q (zvuková kniha) | ||
| 040 | |a SNK |b slo |c SNK |e AACR2 | ||
| 041 | 1 | |a slo |h fre | |
| 044 | |a xo |c SK | ||
| 072 | 7 | |a 394 |x Verejný a spoločenský život. Každodenný život |2 konspekt | |
| 072 | 7 | |a 316.3 |x Globálne spoločnosti. Sociálna štruktúra. Sociálne skupiny |2 konspekt | |
| 080 | |a (=1:620) |2 2001 | ||
| 080 | |a 316.346.2-055.2 |2 2011 | ||
| 080 | |a 7.041.5 |2 2011 | ||
| 080 | |a 394 |2 2011 | ||
| 080 | |a (32) |2 2011 | ||
| 080 | |a (0.062) |2 2011 | ||
| 080 | |a (086.76) |2 2001 | ||
| 100 | 1 | |a Jacq, Christian, |d 1947- |4 aut |9 214266 | |
| 245 | 1 | 0 | |a Egypťanky |h elektronický zdroj |b portréty žien faraónskeho Egypta |c Christian Jacq ; číta: Igor Šabek |
| 260 | |a Levoča |b Slovenská knižnica pre nevidiacich Mateja Hrebendu |c 2022 | ||
| 300 | |a 1 elektronický optický disk (CD-ROM) |b digitálny, mono, MP3 |c 12 cm | ||
| 306 | |a 122500 | ||
| 520 | 8 | |a Žena vo faraónskom Egypte mala rovnoprávne postavenie s mužom v duchovnej i materiálnej sfére. Egypťanka mala slobodu vo všetkom: pri vydaji, pri rozvode, v manželstve, v sociálnom zabezpečení, v dedičstve i poručníctve. Faraónska civilizácia zaručovala egyptskej žene v porovnaní s inými civilizáciami výnimočné postavenie. Aj vďaka tomu kultúra starého Egypta môže dodnes slúžiť ako inšpirácia najmodernejším koncepciám spoločnosti. | |
| 521 | |a pre nevidiacich, slabozrakých a inak zdravotne postihnutých | ||
| 650 | 0 | 7 | |a spoločenské postavenie |2 SNKPH |9 3881 |
| 650 | 0 | 7 | |a ženy |2 SNKPH |9 4865 |
| 650 | 0 | 7 | |a Egypťania |2 SNKPH |9 73544 |
| 650 | 0 | 7 | |a každodenný život |2 SNKPH |9 4946 |
| 650 | 0 | 7 | |a portréty |2 SNKPH |9 2975 |
| 651 | 7 | |a staroveký Egypt |2 SNKPH |9 68598 | |
| 655 | 7 | |a zvukové záznamy |2 SNKPH |9 70720 | |
| 655 | 7 | |a populárno-náučné publikácie |2 SNKPH |9 70460 | |
| 655 | 7 | |a CD-ROM |2 SNKPH |9 70236 | |
| 700 | 1 | |a Šabek, Igor |4 nrt |9 312613 | |
| 752 | |a Slovensko |d Levoča | ||
| 787 | 0 | 8 | |i Podľa knihy: |t Egypťanky : portréty žien faraónskeho Egypta |d Bratislava : Remedium, 2002 |z 80-85352-56-7 |
| 919 | |a 978-80-18-10762-1 | ||
| 999 | |c 786992 |d 788922 | ||
| 952 | |t 1 |a SNK |b SNK |c SNK_KF |y PREZ |7 8 |p 17A1545080 |o snkSCD 6715 |i snk2024/3189 |8 0 |0 0 |1 0 |4 0 |d 2024-02-25 |l 0 |r 2026-02-24 01:24:01 |w 2026-02-24 | ||


